[Event "Gaylord (NMO/5/7)"]
[Site "?"]
[Date "1994.??.??"]
[Round "?"]
[White "Kreger, David"]
[Black "Rosebrook, G."]
[Result "1-0"]
[WhiteElo "1605"]
[BlackElo "1605"]
[PlyCount "68"]
[EventDate "1994.??.??"]

{5/(7)} 1. Nf3 d5 2. b3 Nc6 3. Bb2 Nf6 4. e3 Bg4 5. Bb5 a6 6. Bxc6+ bxc6 7. h3
Bxf3 8. Qxf3 Qd6 9. O-O e5 10. d3 Be7 11. Nd2 O-O 12. Rad1 Rab8 13. e4 h6 14.
Rfe1 Nd7 15. Qh5 Bg5 16. Qe2 Bxd2 17. Rxd2 d4 18. Qg4 c5 19. Rf1 Nf6 20. Qd1
Rb6 21. g4 Qe7 22. f3 Nh7 23. Qe1 Ng5 24. Kh2 Rf6 25. Qg3 Qe6 26. h4 Nh7 27.
Bc1 h5 28. g5 Rg6 29. f4 f5 30. Rdf2 a5 31. a4 Nf6 32. exf5 Qxf5 33. fxe5 Qg4
34. Qxg4 Nxg4+ {[White played the illegal 35.Rxf8+ here. After 35...Kh7 36.Re8,
Black resigned without apparently noticing that White had been in check for
the last two moves!]} 1-0

[Event "Gaylord (NMO/1/13)"]
[Site "?"]
[Date "1994.??.??"]
[Round "?"]
[White "Kreger, David"]
[Black "Paul, Dennis"]
[Result "1-0"]
[WhiteElo "1605"]
[BlackElo "1605"]
[PlyCount "99"]
[EventDate "1994.??.??"]

{1/(13)} 1. Nf3 c6 2. d4 d5 3. Nc3 Bf5 4. Nh4 Be6 5. f3 g6 6. e4 f5 7. e5 Bh6
8. Bxh6 Nxh6 9. Qd2 Nf7 10. f4 Qb6 11. O-O-O Na6 12. Nf3 Qa5 13. Kb1 Nb4 14.
Qe3 b5 15. Nd2 O-O 16. h4 h5 17. Rh3 Nh6 18. Be2 Ng4 19. Qg1 Rab8 20. Nb3 Qa6
21. Rd2 Qb6 22. Nc5 Bc8 23. a3 Na6 24. b4 e6 25. Rhd3 Nxc5 26. dxc5 Qa6 27. Na2
Qb7 28. Bxg4 hxg4 29. Nc1 Bd7 30. Nb3 Qa8 31. g3 a6 32. c3 Kf7 33. Rh2 Rb7 34.
Rhd2 Rh8 35. Qh1 a5 36. bxa5 Ra7 37. Qc1 Rxa5 38. Nxa5 Qxa5 39. Qb2 Ra8 40. Ka2
Qa7 41. Qb4 Qb8 42. Rd4 Ra4 43. Qb2 Rxd4 44. cxd4 Qa7 45. Qb4 Qa4 46. Qxa4 bxa4
47. Rb2 Bc8 48. Rb6 Bd7 49. Ra6 Kg7 50. Ra7 1-0

[Event "Grand Rapids (MI Am/4/7)"]
[Site "?"]
[Date "1994.??.??"]
[Round "?"]
[White "Kreger, David"]
[Black "Brattin, Vincent"]
[Result "0-1"]
[WhiteElo "1605"]
[BlackElo "1965"]
[PlyCount "46"]
[EventDate "1994.??.??"]

{4/(7)} 1. Nf3 d5 2. b3 Nf6 3. Bb2 Bf5 4. e3 Nbd7 5. Be2 e6 6. Nh4 Bg6 7. Nxg6
hxg6 8. c4 Bd6 9. h3 c6 10. Nc3 Rh7 11. d3 e5 12. cxd5 cxd5 13. a3 Rc8 14. Rc1
Qa5 15. Qd2 Bxa3 16. Ra1 Bxb2 17. Rxa5 Bxc3 18. Rxa7 Bxd2+ 19. Kxd2 Rc7 20. b4
Ke7 21. Rc1 Kd6 22. Ra8 Rxc1 23. Kxc1 Rh4 0-1

[Event "Grand Rapids (MI Am/1/37)"]
[Site "?"]
[Date "1994.??.??"]
[Round "?"]
[White "Kreger, David"]
[Black "Arwashan, N."]
[Result "1-0"]
[WhiteElo "1605"]
[BlackElo "1605"]
[PlyCount "79"]
[EventDate "1994.??.??"]

{1/(37)} 1. Nf3 d5 2. e3 f6 3. c4 e5 4. Nxe5 fxe5 5. Qh5+ g6 6. Qxe5+ Be7 7.
Qxh8 Be6 8. Qxh7 Bf7 9. cxd5 Qxd5 10. Nc3 Qf5 11. d4 Nd7 12. e4 Qa5 13. Bd2
O-O-O 14. Rc1 Ndf6 15. Qh3+ Kb8 16. d5 Qc5 17. Nb5 Qb6 18. Bd3 c6 19. Qg3+ Ka8
20. Nc7+ Kb8 21. Ne6+ Bd6 22. e5 Bxe6 23. dxe6 Nh5 24. Qxg6 Nf4 25. Bxf4 Ne7
26. Qf7 Bb4+ 27. Ke2 Qd4 28. Rhd1 Nd5 29. Bg3 Rf8 30. Qg7 Nf4+ 31. Bxf4 Qxf4
32. Qg3 Qh6 33. e7 Bxe7 34. e6+ Ka8 35. Qe5 Bf6 36. Qd6 Bxb2 37. Rxc6 bxc6 38.
Qxc6+ Kb8 39. Be4 Rc8 40. Qb7# 1-0

[Event "Gaylord (NMO/3/8)"]
[Site "?"]
[Date "1994.??.??"]
[Round "?"]
[White "Kreger, David"]
[Black "Andreas, L."]
[Result "0-1"]
[WhiteElo "1605"]
[BlackElo "1605"]
[PlyCount "28"]
[EventDate "1994.??.??"]

{3/(8)} 1. f4 d5 2. Nf3 Nc6 3. e3 Bf5 4. h3 Nf6 5. g4 Be4 6. Bb5 Nd7 7. Rg1 a6
8. Bxc6 bxc6 9. Ng5 e5 10. d3 h6 11. Nxf7 Qh4+ 12. Kd2 Qf2+ 13. Kc3 d4+ 14.
exd4 exd4+ 0-1

[Event "Detroit (MOR/5/5)"]
[Site "?"]
[Date "1994.??.??"]
[Round "?"]
[White "Kozakowski, J."]
[Black "Schey, Danny"]
[Result "0-1"]
[WhiteElo "1680"]
[BlackElo "1610"]
[PlyCount "112"]
[EventDate "1994.??.??"]

{5/(5)} 1. c4 g6 2. Nf3 Bg7 3. e3 e5 4. d3 d6 5. Be2 f5 6. O-O Nf6 7. Nbd2 O-O
8. Qc2 Nc6 9. a3 a5 10. b3 Nh5 11. Bb2 f4 12. Ne1 fxe3 13. fxe3 Rxf1+ 14. Nxf1
Be6 15. Bxh5 gxh5 16. h3 Qg5 17. Nf3 Qg6 18. Kh2 Bh6 19. Nh4 Qf6 20. Nf3 Bf5
21. Qe2 Qg6 22. d4 exd4 23. Nxd4 Nxd4 24. Bxd4 Re8 25. Qf3 Be4 26. Qg3 Re6 27.
c5 dxc5 28. Bxc5 Rc6 29. Nd2 Qxg3+ 30. Kxg3 Bd5 31. b4 b6 32. Bd4 Rc2 33. Nf3
Bf8 34. bxa5 Bd6+ 35. Be5 Bxe5+ 36. Nxe5 Rxg2+ 37. Kf4 bxa5 38. Rc1 Ra2 39.
Rxc7 Rxa3 40. e4 Ra4 41. Kf5 Rxe4 42. Rc5 Rd4 43. Rxa5 Bg2 44. Ra3 Kf8 45. Nf3
Bxh3+ 46. Ke5 Rd7 47. Ng5 Bg2 48. Ke6 Rg7 49. Kf6 Rd7 50. Ra6 Ke8 51. Rb6 Kd8
52. Ne6+ Kc8 53. Nc5 Rd1 54. Ke7 h4 55. Rf6 Re1+ 56. Ne6 h3 0-1

[Event "Detroit (MOR/3/3)"]
[Site "?"]
[Date "1994.??.??"]
[Round "?"]
[White "Kozakowski, J."]
[Black "Saulmon, Scott"]
[Result "1-0"]
[WhiteElo "1680"]
[BlackElo "1770"]
[PlyCount "107"]
[EventDate "1994.??.??"]

{3/(3)} 1. c4 Nf6 2. Nf3 g6 3. b3 d6 4. Bb2 Bg7 5. e3 O-O 6. Be2 e5 7. O-O Nbd7
8. d3 Re8 9. Nbd2 Nc5 10. b4 Ncd7 11. Ng5 h6 12. Nge4 Nxe4 13. Nxe4 f5 14. Ng3
Nf6 15. Qc2 Qe7 16. Rae1 Rf8 17. Bf3 c6 18. b5 Bd7 19. bxc6 Bxc6 20. Bxc6 bxc6
21. Ba1 h5 22. Qb3 h4 23. c5+ d5 24. Ne2 Rab8 25. Qa4 Qd7 26. Bxe5 Rb5 27. Bd6
Rf7 28. Qxh4 Ne8 29. Qg3 Nxd6 30. cxd6 Rf6 31. d4 Rxd6 32. Rb1 Bf8 33. Nf4 Qg7
34. h3 g5 35. Nd3 Rh6 36. Qe5 Rf6 37. Rxb5 cxb5 38. Qxd5+ Kh8 39. Qxb5 f4 40.
Ne5 Bd6 41. Qe8+ Rf8 42. Ng6+ Kg8 43. Nxf8 Bxf8 44. Qe6+ Kh7 45. Qf5+ Kg8 46.
Rc1 fxe3 47. fxe3 Qe7 48. e4 Qd8 49. Qe6+ Kh8 50. d5 Qa5 51. Rc8 Qe1+ 52. Kh2
g4 53. Rxf8+ Kg7 54. Rf7+ 1-0

[Event "Detroit (MOR/6/12)"]
[Site "?"]
[Date "1994.??.??"]
[Round "?"]
[White "Kozakowski, J."]
[Black "Morrow, Chris"]
[Result "0-1"]
[WhiteElo "1680"]
[BlackElo "1775"]
[PlyCount "120"]
[EventDate "1994.??.??"]

{6/(12)} 1. c4 c6 2. Nf3 d5 3. cxd5 cxd5 4. e3 e6 5. Be2 Nf6 6. O-O Bd6 7. b3
Bd7 8. Bb2 O-O 9. Qc2 Bc6 10. Ng5 Nbd7 11. f4 h6 12. Nf3 Rc8 13. Nc3 Nc5 14.
Bd3 Nxd3 15. Qxd3 Qb6 16. Qe2 Bxf4 17. Na4 Bxa4 18. Bxf6 Bb5 19. Qf2 gxf6 20.
exf4 Bxf1 21. Qxb6 axb6 22. Kxf1 Rc7 23. Re1 Rfc8 24. Kf2 Rc1 25. Re2 Kf8 26.
Ke3 R1c2 27. a4 Rb2 28. Nd4 e5 29. fxe5 fxe5 30. Nf5 Rxb3+ 31. Kf2 f6 32. Nxh6
Rb4 33. Nf5 Rf4+ 34. Kg3 Rxf5 35. h4 Kf7 36. d3 Rg8+ 37. Kh3 Ra8 38. Kg4 Rf4+
39. Kh3 Raxa4 40. g3 Rg4 41. Rb2 Rab4 42. Rc2 Rg7 43. h5 Kg8 44. Rf2 Rh7 45. g4
Rf4 46. Rb2 Rf3+ 47. Kh4 Rxd3 48. Rxb6 Rf7 49. Rd6 Rd4 50. h6 Kh7 51. Kh5 Rd1
52. g5 Rh1+ 53. Kg4 fxg5 54. Kxg5 Rg1+ 55. Kh5 d4 56. Re6 d3 57. Rxe5 d2 58.
Rd5 d1=Q+ 59. Rxd1 Rxd1 60. Kg5 Rg1+ 0-1

[Event "Detroit (MOR/1a/20)"]
[Site "?"]
[Date "1994.??.??"]
[Round "?"]
[White "Kozakowski, J."]
[Black "Mitchell, Dave"]
[Result "1-0"]
[WhiteElo "1680"]
[BlackElo "1605"]
[PlyCount "61"]
[EventDate "1994.??.??"]

1. c4 Nf6 2. b3 d6 3. Bb2 e5 4. d3 Nc6 5. Nf3 Bg4 6. e3 Nb4 7. Be2 Be7 8. a3
Na6 9. O-O O-O 10. b4 c5 11. Qc1 Rc8 12. Bc3 b6 13. Nbd2 Qd7 14. Qd1 Nc7 15.
Re1 Ne6 16. Qc2 Rc7 17. h3 Bh5 18. Nf1 Bg6 19. Nh4 Bh5 20. Ng3 Bxe2 21. Qxe2
Nh5 22. Qxh5 cxb4 23. Bxb4 Rfc8 24. a4 g6 25. Qg4 h5 26. Nxh5 Kh7 27. Ng3 Rd8
28. Ne4 f5 29. Qxg6+ Kh8 30. Qh6+ Kg8 31. Nxf5 1-0

[Event "Eastpointe (US Am N/5/10)"]
[Site "?"]
[Date "1994.??.??"]
[Round "?"]
[White "Koernke, R."]
[Black "Walker, LeRoy"]
[Result "0-1"]
[WhiteElo "1605"]
[BlackElo "1810"]
[PlyCount "70"]
[EventDate "1994.??.??"]

{5/(10)} 1. d4 Nf6 2. c4 c5 3. d5 Ne4 4. Nf3 b5 5. cxb5 Qa5+ 6. Nbd2 Nf6 7. e3
Nxd5 8. Bc4 Nb6 9. Qb3 Nxc4 10. Qxc4 Qb6 11. O-O e6 12. e4 a6 13. b4 axb5 14.
bxc5 Bxc5 15. Qc2 O-O 16. Nb3 d6 17. Nxc5 dxc5 18. Be3 Na6 19. Rfc1 Bb7 20.
Bxc5 Nxc5 21. Qxc5 Qxc5 22. Rxc5 Bxe4 23. Rxb5 Ra3 24. Nd2 Bd5 25. Nb3 Rfa8 26.
h3 Bxb3 27. Rb1 Ba4 28. Ra5 Be8 29. Rxa8 Rxa8 30. Ra1 Ra3 31. Kf1 f6 32. Ke2 e5
33. Kd2 Bf7 34. Rc1 Rxa2+ 35. Ke1 g6 0-1

[Event "Ann Arbor (MLS Jul-Aug)"]
[Site "?"]
[Date "1994.??.??"]
[Round "?"]
[White "Koernke, R."]
[Black "Tantang, F."]
[Result "1-0"]
[WhiteElo "1605"]
[BlackElo "1605"]
[PlyCount "91"]
[EventDate "1994.??.??"]

1. d4 e6 2. c4 d5 3. Nc3 Nf6 4. Bg5 Be7 5. e3 Nbd7 6. Qc2 h6 7. Bh4 O-O 8. Nf3
a6 9. cxd5 Nxd5 10. Bxe7 Nxe7 11. e4 c5 12. dxc5 Nxc5 13. Rd1 Qb6 14. Be2 Nc6
15. Rd6 Qc7 16. Qd2 Rd8 17. e5 b5 18. Rxc6 Rxd2 19. Rxc7 Rxb2 20. Rxc5 Bb7 21.
O-O b4 22. Bc4 bxc3 23. Bb3 Rd8 24. Rxc3 a5 25. Rc2 Rxc2 26. Bxc2 Bd5 27. a3
Bc4 28. Rb1 g5 29. g4 Be2 30. Kg2 Rc8 31. Bd1 Bd3 32. Rb3 Be4 33. Kg3 Rc1 34.
Nd2 Bd5 35. Rb1 Rc3+ 36. f3 Rxa3 37. Nb3 Ra2 38. Nc5 Ra3 39. Rb8+ Kg7 40. Nd7
Rd3 41. Nf6 h5 42. Nxh5+ Kh6 43. Rh8+ Kg6 44. Bc2 Be4 45. Bxd3 Bxd3 46. Rd8 1-0

[Event "Eastpointe (US Am N/1a/9)"]
[Site "?"]
[Date "1994.??.??"]
[Round "?"]
[White "Koernke, R."]
[Black "Smith, Ed"]
[Result "1-0"]
[WhiteElo "1605"]
[BlackElo "1835"]
[PlyCount "47"]
[EventDate "1994.??.??"]

1. d4 d5 2. c4 c6 3. cxd5 cxd5 4. Nc3 Nc6 5. Nf3 Nf6 6. e3 g6 7. Be2 Bg7 8. O-O
O-O 9. a3 e6 10. Qc2 Qe7 11. Rd1 Bd7 12. b4 Rfc8 13. Qb3 Ne4 14. Nxe4 dxe4 15.
Nd2 Bxd4 16. exd4 Nxd4 17. Qe3 Nc2 18. Qh6 Nxa1 19. Bb2 e5 20. Nxe4 Ba4 21. Rd6
f5 22. Nf6+ Kh8 23. Bxe5 Rc1+ 24. Bf1 1-0

[Event "Detroit (MOR/6/35)"]
[Site "?"]
[Date "1994.??.??"]
[Round "?"]
[White "Koernke, R."]
[Black "Serwatowski, Felix"]
[Result "1-0"]
[WhiteElo "1605"]
[BlackElo "1605"]
[PlyCount "77"]
[EventDate "1994.??.??"]

{6/(35)} 1. d4 Nf6 2. c4 g6 3. Nc3 Bg7 4. e4 d6 5. f4 e5 6. fxe5 dxe5 7. d5 O-O
8. Nf3 Bg4 9. h3 Bxf3 10. Qxf3 c6 11. Bg5 h6 12. Be3 cxd5 13. cxd5 a6 14. Be2
Qd6 15. O-O Nbd7 16. Qf2 Rac8 17. Rac1 Nc5 18. Nb5 axb5 19. Bxc5 Nxe4 20. Bxd6
Nxf2 21. Bxf8 Rxc1 22. Rxc1 Nxh3+ 23. gxh3 Bxf8 24. Bxb5 Bd6 25. Rf1 f5 26. Bd7
f4 27. Kf2 Kg7 28. Kf3 Kf6 29. Rc1 Ke7 30. Be6 Kf6 31. Rc8 b6 32. Rd8 Bc5 33.
Rd7 h5 34. h4 g5 35. hxg5+ Kxg5 36. Rg7+ Kf6 37. Rf7+ Kg6 38. Rf5 Bd4 39. d6
1-0

[Event "Detroit (MOR/4/34)"]
[Site "?"]
[Date "1994.??.??"]
[Round "?"]
[White "Koernke, R."]
[Black "Khraizat, Ali"]
[Result "1-0"]
[WhiteElo "1605"]
[BlackElo "1605"]
[PlyCount "43"]
[EventDate "1994.??.??"]

{4/(34)} 1. d4 g6 2. c4 Bg7 3. e4 e6 4. Nf3 Ne7 5. Nc3 O-O 6. Bg5 Qe8 7. h4 d5
8. e5 dxc4 9. Bxe7 Qxe7 10. Bxc4 b6 11. Qc1 Bb7 12. Qe3 Nd7 13. O-O-O Bxf3 14.
gxf3 Rfd8 15. h5 c5 16. f4 cxd4 17. Rxd4 Qc5 18. hxg6 fxg6 19. Bxe6+ Kh8 20.
Rxd7 Qc6 21. Rxh7+ Kxh7 22. Qh3# 1-0

[Event "Detroit (MOR/2/9)"]
[Site "?"]
[Date "1994.??.??"]
[Round "?"]
[White "Koernke, R."]
[Black "Herron, J."]
[Result "0-1"]
[WhiteElo "1605"]
[BlackElo "1745"]
[PlyCount "65"]
[EventDate "1994.??.??"]

{2/(9)} 1. d4 Nf6 2. c4 g6 3. Nc3 Bg7 4. e4 d6 5. f4 O-O 6. Nf3 c5 7. d5 e6 8.
Be2 exd5 9. e5 dxe5 10. fxe5 Ng4 11. Bg5 Qa5 12. cxd5 Nxe5 13. O-O Nxf3+ 14.
Rxf3 a6 15. Be7 Re8 16. d6 Bxc3 17. Bc4 Bd4+ 18. Kh1 Bf5 19. Bxf7+ Kxf7 20.
Rxf5+ gxf5 21. Qh5+ Ke6 22. Qxe8 Qb5 23. Re1+ Kd5 24. Qf7+ Kc6 25. Qe8+ Kb6 26.
d7 Qxd7 27. Bd8+ Ka7 28. Re6 c4 29. Qh8 Nc6 30. Qxd4+ Qxd4 31. Re1 Rxd8 32. h3
Qd2 33. Kg1 0-1

[Event "Detroit (MOR/7/25)"]
[Site "?"]
[Date "1994.??.??"]
[Round "?"]
[White "Koernke, R."]
[Black "Gaiefsky, S."]
[Result "1-0"]
[WhiteElo "1605"]
[BlackElo "1605"]
[PlyCount "55"]
[EventDate "1994.??.??"]

{7/(25)} 1. d4 g6 2. c4 Bg7 3. e4 d6 4. Nc3 Nf6 5. f4 O-O 6. Nf3 c5 7. d5 Bg4
8. h3 Bxf3 9. Qxf3 e5 10. fxe5 dxe5 11. Bg5 h6 12. Be3 Qb6 13. O-O-O Na6 14. g4
Nd7 15. Rh2 Rac8 16. Rhd2 Nab8 17. Qf2 a6 18. d6 Nc6 19. Nd5 Qd8 20. Ne7+ Nxe7
21. dxe7 Qxe7 22. Rxd7 Qe8 23. Bxc5 Rxc5 24. Qxc5 Qb8 25. Qe7 Qc8 26. Rd8 Qc6
27. Rxf8+ Bxf8 28. Rd8 1-0

[Event "Eastpointe (US Am N/4/17)"]
[Site "?"]
[Date "1994.??.??"]
[Round "?"]
[White "Koernke, R."]
[Black "Franke, R."]
[Result "1-0"]
[WhiteElo "1605"]
[BlackElo "1800"]
[PlyCount "129"]
[EventDate "1994.??.??"]

{4/(17)} 1. d4 Nf6 2. c4 e6 3. Nc3 d5 4. Bg5 Be7 5. cxd5 exd5 6. e3 h6 7. Bh4
Nbd7 8. Nf3 O-O 9. Bd3 Re8 10. O-O Nb6 11. Nd2 c6 12. a3 Ng4 13. Bg3 Nf6 14. h3
Bd6 15. Qf3 Bxg3 16. fxg3 Be6 17. Rad1 Qc7 18. e4 dxe4 19. Ndxe4 Nxe4 20. Bxe4
Rad8 21. g4 Re7 22. Rc1 Rxd4 23. Nb5 Qd8 24. Nxd4 Qxd4+ 25. Kh1 Qxb2 26. Rcd1
Bd5 27. Qf5 g6 28. Qf4 Bxe4 29. Rf2 Qe5 30. Qxh6 Bd5 31. Rdf1 Qe4 32. Qg5 Nd7
33. h4 Qe5 34. Qh6 Qg7 35. Qg5 Qe5 36. Qh6 Qe4 37. Qg5 Kg7 38. h5 Kh7 39. hxg6+
fxg6 40. Qh4+ Kg7 41. Qh3 Qe3 42. Qh4 g5 43. Qh5 Bc4 44. Rf3 Qd2 45. R1f2 Re1+
46. Kh2 Qd6+ 47. g3 Qg6 48. Rb2 b6 49. Rd2 Qxh5+ 50. gxh5 Bd5 51. g4 Nf6 52.
Rfd3 Nxg4+ 53. Kg3 Rg1+ 54. Kh3 Nf2+ 55. Rxf2 g4+ 56. Kh4 a5 57. Kg5 g3 58. Rf6
g2 59. Re3 Rf1 60. Re7+ Bf7 61. Rexf7+ Kg8 62. Rf8+ Kh7 63. R8f7+ Kg8 64. Rxf1
gxf1=Q 65. Rxf1 1-0

[Event "Detroit (MCO/C/2a/1)"]
[Site "?"]
[Date "1994.??.??"]
[Round "?"]
[White "Koernke, R."]
[Black "Cutler, C."]
[Result "1-0"]
[WhiteElo "1605"]
[BlackElo "1605"]
[PlyCount "69"]
[EventDate "1994.??.??"]

1. d4 d5 2. c4 c5 3. dxc5 Qa5+ 4. Nc3 dxc4 5. Qd5 Bd7 6. Qxc4 Nf6 7. b4 Qc7 8.
Nf3 Nc6 9. Bf4 Be6 10. Bxc7 Bxc4 11. a3 g6 12. b5 Rc8 13. b6 Bg7 14. Rb1 Nd7
15. Ne4 Bd5 16. Nfd2 axb6 17. cxb6 Ra8 18. e3 Rxa3 19. Bc4 Bxe4 20. Nxe4 O-O
21. O-O Rfa8 22. Bd5 Ndb8 23. Nc5 R8a5 24. Bxc6 bxc6 25. Bxb8 Rxc5 26. Bd6 exd6
27. b7 d5 28. b8=Q+ Bf8 29. Qc8 Rac3 30. Rb8 Kg7 31. Qxf8+ Kf6 32. Re8 Rc1 33.
Qh8+ Kg5 34. Re5+ Kh6 35. Qf8# 1-0

[Event "Ann Arbor (MLS Jul-Aug)"]
[Site "?"]
[Date "1994.??.??"]
[Round "?"]
[White "Koernke, R."]
[Black "Brotherton, D."]
[Result "0-1"]
[WhiteElo "1605"]
[BlackElo "1605"]
[PlyCount "102"]
[EventDate "1994.??.??"]

1. d4 Nf6 2. c4 e5 3. dxe5 Ng4 4. Nf3 Nc6 5. Bf4 Bb4+ 6. Nbd2 Qe7 7. a3 Ngxe5
8. Nxe5 Nxe5 9. Bxe5 Bxd2+ 10. Qxd2 Qxe5 11. e3 d6 12. Be2 Bf5 13. Bf3 O-O 14.
O-O-O Rab8 15. Qd5 Rfe8 16. Rd4 Qxd5 17. Bxd5 Bg6 18. g4 Re7 19. h4 Rbe8 20.
Rf4 Be4 21. Rd1 b6 22. Bxe4 Rxe4 23. Rxe4 Rxe4 24. Rd4 Rxd4 25. exd4 h5 26. g5
Kh7 27. Kd2 Kg6 28. Ke3 Kf5 29. f3 c5 30. d5 Ke5 31. b4 Kf5 32. bxc5 bxc5 33.
a4 a5 34. f4 Kg4 35. Ke4 g6 36. Ke3 Kxh4 37. Kf3 Kh3 38. f5 h4 39. f6 Kh2 40.
Kf2 h3 41. Kf1 Kg3 42. Kg1 Kf4 43. Kh2 Kg4 44. Kh1 Kxg5 45. Kh2 Kg4 46. Kg1 Kg3
47. Kh1 g5 48. Kg1 g4 49. Kh1 Kf2 50. Kh2 g3+ 51. Kxh3 g2 0-1

[Event "Detroit (MCO/C/5/7)"]
[Site "?"]
[Date "1994.??.??"]
[Round "?"]
[White "Koernke, R."]
[Black "Bezrutch, B."]
[Result "1-0"]
[WhiteElo "1605"]
[BlackElo "1605"]
[PlyCount "97"]
[EventDate "1994.??.??"]

{5/(7)} 1. d4 d5 2. c4 e6 3. Nf3 Nf6 4. Bg5 Nbd7 5. a3 Be7 6. Nc3 O-O 7. e3 c5
8. Qc2 b6 9. cxd5 Nxd5 10. Bxe7 Qxe7 11. Bd3 g6 12. O-O Bb7 13. Nd2 Rac8 14.
Be4 N7f6 15. Bf3 Rfd8 16. Qd3 cxd4 17. exd4 Rd7 18. Nxd5 Bxd5 19. Rac1 Rdc7 20.
Rxc7 Qxc7 21. Bxd5 Nxd5 22. Nf3 Qf4 23. Ne5 Rc1 24. Rd1 Rxd1+ 25. Qxd1 Qe4 26.
Nd7 Kg7 27. Ne5 Nf4 28. Nf3 Qe2 29. Qxe2 Nxe2+ 30. Kf1 Nf4 31. Ne1 Kf6 32. g3
Nd5 33. Ke2 Ke7 34. Nd3 f6 35. Kd2 Kd6 36. Kc2 Ne7 37. Nf4 Nd5 38. Ng2 Ne7 39.
Ne3 h5 40. Kd3 Nf5 41. Nxf5+ exf5 42. Kc4 a6 43. d5 g5 44. f3 h4 45. gxh4 f4
46. h5 g4 47. fxg4 f3 48. Kd3 Kxd5 49. h6 1-0

[Event "Detroit (MCO/C/6/6)"]
[Site "?"]
[Date "1994.??.??"]
[Round "?"]
[White "Koernke, R."]
[Black "Barta, Roger"]
[Result "0-1"]
[WhiteElo "1605"]
[BlackElo "1605"]
[PlyCount "96"]
[EventDate "1994.??.??"]

{6/(6)} 1. d4 d5 2. c4 e6 3. Nc3 Nf6 4. Bg5 Nbd7 5. a3 c6 6. e3 Qc7 7. Nf3 Bd6
8. cxd5 exd5 9. Rc1 O-O 10. Be2 a6 11. Qb3 Ne4 12. Nxd5 Qa5+ 13. Nc3 Nxg5 14.
O-O Nxf3+ 15. Bxf3 Nf6 16. e4 Bc7 17. e5 Nd7 18. Qc2 b5 19. Nd5 cxd5 20. Qxc7
Qxc7 21. Rxc7 Nb6 22. b3 Be6 23. Rfc1 Rfc8 24. Rxc8+ Rxc8 25. Rxc8+ Nxc8 26.
Kf1 a5 27. Bd1 Na7 28. Ke2 b4 29. a4 Kf8 30. Ke3 Nc6 31. h3 Ke7 32. f3 f6 33.
exf6+ Kxf6 34. h4 g6 35. g4 h6 36. Bc2 h5 37. g5+ Kf7 38. Bd1 Ne7 39. Bc2 Nf5+
40. Bxf5 Bxf5 41. Kd2 Ke6 42. Kc1 Bh3 43. Kd2 Kf5 44. Ke3 Bg2 45. Kf2 Bh3 46.
Ke3 Bf1 47. Kf2 Bd3 48. Ke3 Bc2 0-1

[Event "Eastpointe (US Am N/5/42)"]
[Site "?"]
[Date "1994.??.??"]
[Round "?"]
[White "Koernke, J."]
[Black "Turner, J."]
[Result "1-0"]
[WhiteElo "1605"]
[BlackElo "1605"]
[PlyCount "75"]
[EventDate "1994.??.??"]

{5/(42)} 1. d4 d5 2. c4 e6 3. Nc3 c5 4. e3 Nc6 5. Nf3 Nge7 6. e4 Ng6 7. cxd5
exd5 8. Be3 dxe4 9. Nxe4 Qb6 10. Qc2 Nb4 11. Qc3 Bf5 12. Bd3 Nxd3+ 13. Qxd3
Qxb2 14. Qc3 Qxc3+ 15. Nxc3 cxd4 16. Bxd4 Bb4 17. Bxg7 Rg8 18. Bd4 Rd8 19. O-O
Bxc3 20. Bxc3 Be4 21. Rae1 Rd3 22. Rxe4+ Kf8 23. Bd4 Nh8 24. Bxh8 Rxf3 25. Bd4
Ra3 26. Ra1 Rd3 27. Bxa7 Rd7 28. Bc5+ Kg7 29. Bd4+ Kg6 30. h4 Kf5 31. f3 f6 32.
g4+ Kg6 33. h5+ Kg5 34. Be3+ Kh4 35. Kg2 f5 36. Rf4 fxg4 37. Rxg4+ Kxh5 38.
Rh1# 1-0

[Event "Eastpointe (US Am N/2/43)"]
[Site "?"]
[Date "1994.??.??"]
[Round "?"]
[White "Koernke, J."]
[Black "Gregg, Ted"]
[Result "0-1"]
[WhiteElo "1605"]
[BlackElo "1605"]
[PlyCount "64"]
[EventDate "1994.??.??"]

{2/(43)} 1. d4 d5 2. c4 e6 3. Nc3 Nf6 4. Bg5 Nbd7 5. Qc2 c6 6. e4 Qa5 7. O-O-O
dxc4 8. Bxc4 Qxg5+ 9. Rd2 Qxg2 10. f3 Qg5 11. Nh3 Qa5 12. Qb3 Qc7 13. d5 cxd5
14. exd5 Ne5 15. dxe6 Nxc4 16. Nb5 Qc6 17. Rhd1 Nxd2+ 18. Qc2 Qxc2+ 19. Kxc2
Bxe6 20. Nc7+ Ke7 21. Nxa8 Bxh3 22. Rxd2 g6 23. Nc7 Bh6 24. Rd4 Bf5+ 25. Kc3
Bg7 26. Kd2 Rd8 27. Ke3 Rxd4 28. Kxd4 Ne8+ 29. Ke3 Nxc7 30. b4 Nd5+ 31. Kd2
Nxb4 32. a3 Nd5 0-1

[Event "Detroit (Class C/4/7)"]
[Site "?"]
[Date "1994.??.??"]
[Round "?"]
[White "Kling, G."]
[Black "Woolery, Bob"]
[Result "1-0"]
[WhiteElo "1605"]
[BlackElo "1605"]
[PlyCount "63"]
[EventDate "1994.??.??"]

{4/(7)} 1. f4 d5 2. b3 c5 3. e3 Nf6 4. Nf3 Nc6 5. Bb2 Bg4 6. Bb5 e6 7. Bxc6+
bxc6 8. h3 Bxf3 9. Qxf3 Be7 10. d3 O-O 11. Nd2 Qc7 12. g4 Rad8 13. g5 Ne8 14.
h4 Nd6 15. O-O-O Nf5 16. Qf2 Qa5 17. a3 Rb8 18. h5 d4 19. Nc4 Qb5 20. e4 Nd6
21. g6 fxg6 22. Rdg1 Nxc4 23. dxc4 Qa5 24. Qh2 g5 25. fxg5 Qd8 26. Qe5 Qd7 27.
h6 Rf7 28. g6 Rf6 29. gxh7+ Kxh7 30. hxg7+ Rh6 31. Rxh6+ Kxh6 32. Qh2+ 1-0

[Event "Detroit (MOR/5/32)"]
[Site "?"]
[Date "1994.??.??"]
[Round "?"]
[White "Kling, G."]
[Black "Williams, Eddie"]
[Result "1/2-1/2"]
[WhiteElo "1605"]
[BlackElo "1660"]
[PlyCount "95"]
[EventDate "1994.??.??"]

{5/(32)} 1. f4 d5 2. Nf3 Nc6 3. e3 Bg4 4. Bb5 Qd6 5. b3 a6 6. Bxc6+ Qxc6 7. Bb2
e6 8. O-O Nf6 9. d3 Bc5 10. Qe2 Qb6 11. Bxf6 Bxe3+ 12. Kh1 gxf6 13. f5 O-O-O
14. Nbd2 e5 15. c4 Bxd2 16. Qxd2 Bxf5 17. Nh4 Bg6 18. Nf5 Qe6 19. Qf2 Kb8 20.
Ne3 Bxd3 21. cxd5 Rxd5 22. Nxd5 Bxf1 23. Rxf1 Qxd5 24. Qxf6 Rg8 25. Qf2 f5 26.
Rc1 f4 27. h3 Rf8 28. Qc5 Qxc5 29. Rxc5 Re8 30. Kg1 Kc8 31. Kf2 Kd7 32. Rc2 Kd6
33. Rd2+ Ke6 34. Kf3 Re7 35. Ke4 c5 36. Rd5 Kf6 37. Rxc5 h5 38. Rd5 b6 39. h4
Re6 40. a3 b5 41. b4 Rc6 42. Rxe5 Rc7 43. Kd5 Rc2 44. Rxh5 Rxg2 45. Ke4 Kg6 46.
Rf5 Ra2 47. Rxf4 Rxa3 48. Kd5 1/2-1/2

[Event "Detroit (MOR/2/23)"]
[Site "?"]
[Date "1994.??.??"]
[Round "?"]
[White "Kling, G."]
[Black "Kozakowski, J."]
[Result "0-1"]
[WhiteElo "1605"]
[BlackElo "1680"]
[PlyCount "120"]
[EventDate "1994.??.??"]

{2/(23)} 1. f4 e6 2. Nf3 Be7 3. g3 Nf6 4. Bg2 Nc6 5. b3 b6 6. Bb2 Bb7 7. d3 Nb4
8. e4 O-O 9. Nbd2 c5 10. a3 Nc6 11. Qe2 d5 12. Ne5 dxe4 13. Nxe4 Ne8 14. O-O-O
Nd4 15. Qf2 Rb8 16. g4 f6 17. Nf3 Nxf3 18. Bxf3 Nd6 19. h4 Nb5 20. Ng3 Bxf3 21.
Qxf3 Nd4 22. Qf2 a5 23. Ne2 e5 24. f5 b5 25. Nxd4 exd4 26. h5 h6 27. Rhe1 Qd6
28. Re6 Qc7 29. Rde1 Bd6 30. Qf3 Kh8 31. Qd5 Rbd8 32. Qe4 Rc8 33. Re2 Be5 34.
Rxe5 Qxe5 35. Qxe5 fxe5 36. Rxe5 Rfe8 37. Rd5 Re3 38. Bxd4 cxd4 39. Rxd4 Re2
40. c4 bxc4 41. dxc4 Rb8 42. Rd3 Rg2 43. c5 Rxg4 44. Kc2 Rg5 45. c6 Rc8 46. Rc3
Rc7 47. b4 Rxf5 48. Rc4 Rxh5 49. a4 axb4 50. Kb3 Ra5 51. Kxb4 Raa7 52. Kb5 g5
53. a5 Kg7 54. Kb6 h5 55. Rd4 Kf6 56. Rd8 h4 57. Rb8 Rxc6+ 58. Kxa7 h3 59. Rb6
Re6 60. a6 Rxb6 0-1

[Event "Detroit (Class C/1/14)"]
[Site "?"]
[Date "1994.??.??"]
[Round "?"]
[White "Kling, G."]
[Black "Cooper, Willie"]
[Result "1-0"]
[WhiteElo "1605"]
[BlackElo "1605"]
[PlyCount "109"]
[EventDate "1994.??.??"]

{1/(14)} 1. f4 d5 2. b3 Nf6 3. e3 Nc6 4. Nf3 Bf5 5. Bb5 a6 6. Bxc6+ bxc6 7. Bb2
e6 8. O-O Be7 9. Ne5 Qd6 10. Ba3 c5 11. d3 O-O 12. Nd2 Qb6 13. Kh1 Qb7 14. Ndf3
Rad8 15. Nd4 Bd6 16. Nxf5 exf5 17. Bb2 Bxe5 18. Bxe5 Ng4 19. Qf3 f6 20. Bb2
Rfe8 21. Rae1 c6 22. h3 Nh6 23. Qg3 Re6 24. Re2 Rde8 25. Rfe1 d4 26. Qf3 Qe7
27. e4 fxe4 28. Rxe4 Rxe4 29. Rxe4 Qd7 30. Qe2 Kf7 31. Ba3 Rxe4 32. Qxe4 Nf5
33. Kg1 Qe6 34. Qxe6+ Kxe6 35. Bxc5 Kd5 36. Bb4 Ne3 37. c3 c5 38. c4+ Kc6 39.
Bd2 Nd1 40. Kf1 f5 41. Ke2 Nc3+ 42. Bxc3 dxc3 43. Kd1 h6 44. Kc2 g5 45. g3 gxf4
46. gxf4 Kd6 47. Kxc3 a5 48. d4 Kc6 49. d5+ Kd6 50. a3 h5 51. h4 Kc7 52. b4
cxb4+ 53. axb4 a4 54. Kb2 Kd6 55. Ka3 1-0